Danny Brown Discography - Statistics

General Stats
  • This quiz has been taken 46 times
    40 since last reset
  • The average score is 6 of 19
Answer Stats
Year Name Type % Correct
2011 XXX Album
94%
2016 Atrocity Exhibition Album
91%
2019 U Know What I'm Sayin? Album
79%
2013 Old Album
76%
2010 The Hybrid Album
52%
2011 Black and Brown! EP
45%
2008 Hot Soup Mixtape
39%
2007 Detroit State of Mind Mixtape
18%
2008 Detroit State of Mind 2 Mixtape
18%
2009 Detroit State of Mind 3 Mixtape
18%
2010 Detroit State of Mind 4 Mixtape
18%
2012 Bruiser Brigade EP
15%
2012 The OD EP EP
15%
2010 Hawaiin Snow Mixtape
9%
2018 Twitch EP EP
9%
2010 Browntown Mixtape
6%
2010 It's a Art Mixtape
6%
2003 Runispokets-N-Dumpemindariva Collaborative Album
6%
2010 The Hybrid: Cutting Room Floor Mixtape
6%
No matching quizzes found
Score Distribution
Percent of People with Each Score
Percentile by Number Answered
Your Score History
You have not taken this quiz since the last reset